Un siglo en imágenes

Uloženo v:
Podrobná bibliografie
Hlavní autor: Pierre, Michel (Autor)
Médium: Kniha
Jazyk:španělština
Vydáno: Barcelona Ediciones B 1999
Edice:Biblioteca de Bolsillo Claves
Témata:
Tagy: Přidat tag
Žádné tagy, Buďte první, kdo vytvoří štítek k tomuto záznamu!

MARC

LEADER 00000nam a2200000 a 4500
001 UCO0488
003 CL-VaPUC
008 000420e19990000SP |||||||||||||||||spa|d
082 0 4 |a 909.82  |b PIE  |2 21 
100 0 |a Pierre, Michel  |e author  |9 441807 
245 1 3 |a Un siglo en imágenes 
300 |a v 
942 |c BK 
945 |d 20000420 00:00:00  |a rbrito 
260 |a Barcelona  |b Ediciones B  |c 1999 
500 |a v.1: 1900-1910: El culto al progreso 
500 |a v.2: 1910-1920: De la belle époque a la gran guerra 
500 |a v.3: 1920-1930: Una paz muy frágil 
500 |a v.4: 1930-1940: El ascenso del fascismo 
650 0 |a Historia universal  |9 266877 
651 0 |a Europa  |9 255156 
651 0 |a Asia  |9 268338 
651 0 |a África  |9 256790 
651 0 |a América  |9 255182 
583 |a last modification  |c 20000420 00:00:00  |k Rodrigo Vera 
490 0 |a Biblioteca de Bolsillo Claves 
999 |c 287186  |d 287184 
952 |0 0  |1 0  |4 0  |6 909_820000000000000_PIE_1999  |7 0  |8 A  |9 333654  |a BIBHIS  |b BIBHIS  |d 2019-11-20  |h v.3  |i 4086880  |o 909.82 PIE 1999  |p 4086880  |r 2025-01-20  |w 2019-11-20  |y BK  |k HIS